Statistics for Theme Parks by Roller Coaster

Click here to take the quiz!

General Stats

  • This quiz has been taken 93 times
  • The average score is 8 of 12

Answer Stats

Hint Answer % Correct
GatekeeperCedar Point
87%
TatsuMagic Mountain
82%
MantaSeaworld
80%
SheikraBusch Gardens
76%
The BeastKing's Island
66%
BehemothCanada's Wonderland
61%
Silver StarEuropa Park
61%
X-FlightGreat America
59%
Storm RunnerHershey Park
58%
The IntimidatorCarowinds
57%
Outlaw RunSilver Dollar City
54%
Steel ForceDorney Park
39%

Score Distribution

Percentile by Number Answered

Percent of People with Each Score

Your Score History

You have not taken this quiz